000
00288nam a22001217a 4500
999
_c
4854
_d
4854
008
250325b ||||| |||| 00| 0 eng d
020
_a
9781407137322
082
_a
823.914 SAU
100
_a
SAUNDERS,KATE
_e
AUTHOR
245
_a
MAGICALALAMITY
260
_b
MARION LLYOD BOOKS
942
_2
ddc